South America Capitals Quiz - Statistics

General Stats
  • This quiz has been taken 19 times
    12 since last reset
  • The average score is 10 of 13
Answer Stats
Country Capital % Correct
Columbia Bogotá
100%
Brazil Brasília
100%
Argentina Buenos Aires
100%
Venezuela Caracas
100%
Peru Lima
100%
Uruguay Montevideo
100%
Ecuador Quito
100%
Chile Santiago
89%
Paraguay Asunción
78%
Bolivia Sucre
67%
Suriname Paramaribo
44%
Guyana Georgetown
33%
French Guinea Cayenne
11%
No matching quizzes found
Score Distribution
Percent of People with Each Score
Percentile by Number Answered
Your Score History
You have not taken this quiz since the last reset